[Event "Open"]
[Site "Panevezys LTU"]
[Date "2008.08.15"]
[Round "6"]
[White "Tiuninas,A"]
[Black "Narva,T"]
[Result "1-0"]
[WhiteElo "1968"]
[BlackElo "1835"]

1.e4 d5 2.exd5 Qxd5 3.Nc3 Qd6 4.g3 Nf6 5.Bg2 c6 6.d4 Bg4 7.Nge2 Nbd7 8.h3 Bh5
9.Bf4 e5 10.dxe5 Nxe5 11.Qxd6 Bxd6 12.O-O-O Bb8 13.g4 Bg6 14.Bxe5 Bxe5 15.f4 Bxc3
16.Nxc3 h5 17.f5 Bh7 18.Rhe1+ Kf8 19.g5 Ne8 20.Be4 h4 21.Rd7 Rb8 22.Bd3 Bg8
23.Ree7 Nd6 24.Re2 Ne8 25.Ne4 Rh5 26.Rf2 f6 27.g6 Bd5 28.Be2 Rh8 29.Nc5 b5
30.Bg4 Rc8 31.Re2 Bc4 32.Ree7 a5 33.Ne6+ Bxe6 34.fxe6 f5 35.Rf7+ Kg8 36.e7 Nf6
37.Bxf5 Nxd7 38.Be6  1-0

[Event "Open"]
[Site "Ptuj SLO"]
[Date "2008.08.15"]
[Round "8"]
[White "Biti,O"]
[Black "Djurkovic,M"]
[Result "1-0"]
[WhiteElo "2384"]
[BlackElo "2108"]

1.e4 d5 2.exd5 Qxd5 3.Nc3 Qd6 4.d4 Nf6 5.Nf3 a6 6.Bd3 b5 7.a4 b4 8.Ne4 Nxe4
9.Bxe4 c6 10.Ne5 Bb7 11.O-O g6 12.Bf4 Qf6 13.Nd3 Qxd4 14.Qf3 Bg7 15.c3 bxc3
16.bxc3 Qc4 17.Rab1 f5 18.Bxf5 gxf5 19.Rxb7 O-O 20.Rxe7 Bf6 21.Qg3+ Kh8 22.Be5  1-0

[Event "Open"]
[Site "Stare Mesto CZE"]
[Date "2008.08.15"]
[Round "9"]
[White "Skara,V"]
[Black "Karhanek,P"]
[Result "0-1"]
[WhiteElo "2058"]
[BlackElo "2196"]

1.e4 d5 2.exd5 Qxd5 3.Nc3 Qd6 4.Nf3 Nf6 5.d4 a6 6.Bg5 Nbd7 7.Qd2 b5 8.Bf4 Qb6
9.a3 e6 10.Be2 Bb7 11.O-O c5 12.dxc5 Bxc5 13.Ne5 Rd8 14.Rad1 O-O 15.b4 Bxf2+
16.Rxf2 Nxe5 17.Bxe5 Rxd2 18.Rxd2 Qe3 19.Bxf6 Qxd2 20.Bf1 Qxf2+  0-1

[Event "ch-Euro Seniors"]
[Site "Davos SUI"]
[Date "2008.08.16"]
[Round "8"]
[White "Khazankin,M"]
[Black "Brunner,W"]
[Result "1-0"]
[WhiteElo "2106"]
[BlackElo "2186"]

1.e4 d5 2.exd5 Qxd5 3.Nc3 Qd8 4.Nf3 Nf6 5.Bc4 c6 6.a4 e6 7.O-O b6 8.d4 Nbd7
9.Re1 Be7 10.Qe2 Bb7 11.Ng5 Nf8 12.Bf4 h6 13.Nge4 Ng6 14.Nxf6+ Bxf6 15.Bg3 O-O
16.Rad1 Bh4 17.Be5 Nxe5 18.dxe5 Qc7 19.Qg4 Be7 20.Rd3 Rfd8 21.Rh3 Kh8 22.Qf4 Bf8
23.Rf3 Rd7 24.Bd3 c5 25.Rh3 Rd4 26.Qe3 a6 27.b3 Rad8 28.Ne2 R4d7 29.Nf4 b5
30.Nh5 c4 31.Nf6 gxf6 32.Qf4 cxd3 33.Rxh6+ Kg8 34.Qg4+  1-0

[Event "Open"]
[Site "Ptuj SLO"]
[Date "2008.08.16"]
[Round "9"]
[White "Zugaj,F"]
[Black "Florjan,M"]
[Result "1/2-1/2"]
[WhiteElo "2225"]
[BlackElo "2023"]

1.e4 d5 2.exd5 Qxd5 3.Nc3 Qd6 4.d4 Nf6 5.Bc4 a6 6.Nf3 b5 7.Bb3 e6 8.Qe2 Bb7
9.Bg5 b4 10.Bxf6 bxc3 11.Be5 cxb2 12.Rb1 Qb4+ 13.Nd2 Nc6 14.d5 Nxe5 15.Qxe5 O-O-O
16.c3 Qd6 17.Nc4 Qxe5+ 18.Nxe5 exd5 19.O-O Re8 20.Nxf7 Rg8 21.Ng5 h6 22.Nf3 Ba3
23.Nd4 Rgf8 24.Bd1 Rf4 25.Nc2 Bc5 26.Rxb2 Rc4 27.Rb3 a5 28.Bf3 c6 29.Rfb1 Re7
30.Ne3 a4  1/2-1/2

[Event "23rd Open"]
[Site "Schwarzach AUT"]
[Date "2008.08.16"]
[Round "1"]
[White "Jens,J"]
[Black "Farnault,E"]
[Result "0-1"]
[WhiteElo "2397"]
[BlackElo "2092"]

1.e4 d5 2.exd5 Qxd5 3.Nc3 Qd6 4.d4 Nf6 5.Nf3 a6 6.Ne5 Nc6 7.Nxc6 Qxc6 8.Bf4 Be6
9.Qe2 O-O-O 10.O-O-O Nd5 11.Nxd5 Bxd5 12.Kb1 b5 13.b3 Kb7 14.c4 bxc4 15.bxc4 Rb8
16.Ka1 Ka8 17.Bd2 Be4 18.Bc3 e6 19.f3 Bg6 20.g3 Bb4 21.Bb2 Qa4 22.Bg2 Ba3
23.f4+ Ka7 24.Bc3 Bb4 25.Bb2 Bc2 26.d5 Bc5 27.Rc1 Rxb2  0-1

[Event "Liga Nacional Ajedrez"]
[Site "Villa Martelli ARG"]
[Date "2008.08.16"]
[Round "2"]
[White "Iermito,S"]
[Black "Chadwick,N"]
[Result "1-0"]
[WhiteElo "2385"]
[BlackElo "2207"]

1.e4 d5 2.exd5 Qxd5 3.Nc3 Qd6 4.d4 Nf6 5.Bd3 a6 6.Nge2 e6 7.Bf4 Qc6 8.O-O b5
9.d5 Nxd5 10.Be4 Bb7 11.Bxd5 exd5 12.Nd4 Qd7 13.Re1+ Kd8 14.Qh5 Bb4 15.Nf5 f6
16.Nd4 g6 17.Qh4 g5 18.Qh6 Re8 19.Rxe8+ Qxe8 20.Qxf6+ Be7 21.Qe5 gxf4 22.Ne6+ Kd7
23.Re1 Qg6 24.Qxc7+ Ke8 25.Nxf4 Qg5 26.Qxb7  1-0

[Event "5th DA Tan Malaysian Open"]
[Site "Kuala Lumpur MAS"]
[Date "2008.08.18"]
[Round "2"]
[White "Ong,Way"]
[Black "Sermek,D"]
[Result "0-1"]
[WhiteElo "2008"]
[BlackElo "2509"]

1.e4 d5 2.exd5 Qxd5 3.Nc3 Qd6 4.d4 Nf6 5.h3 a6 6.Nf3 b5 7.Bd3 Bb7 8.Qe2 e6
9.Ne4 Nxe4 10.Bxe4 Bxe4 11.Qxe4 c6 12.c3 Be7 13.Bg5 Bxg5 14.Nxg5 Qd5 15.Qf4 O-O
16.O-O Nd7 17.Rfe1 a5 18.Nf3 a4 19.Ne5 Nb6 20.Nd3 Rfc8 21.Re5 Qd6 22.Qg4 Nd5
23.a3 Rc7 24.h4 Re8 25.Nc5 h6 26.Rae1 Rce7 27.Qe2 f6 28.Re4 e5 29.c4 Nf4
30.Qf3 Ng6 31.cxb5 cxb5 32.Qg3 f5 33.R4e2 Nf4 34.Rxe5 Rxe5 35.Rxe5 Rxe5 36.dxe5 Ne2+  0-1

[Event "ch-SLO w"]
[Site "Ljubljana SLO"]
[Date "2008.08.18"]
[Round "2"]
[White "Hrenic,M"]
[Black "Novak,Ks"]
[Result "1-0"]
[WhiteElo "2015"]
[BlackElo "2176"]

1.e4 d5 2.exd5 Qxd5 3.Nc3 Qd6 4.d4 Nf6 5.Nf3 a6 6.a4 Bg4 7.h3 Bh5 8.g4 Bg6
9.Ne2 Qc6 10.Nc3 Qd6 11.Ne2 Nc6 12.c3 e6 13.Bg2 h5 14.Bf4 Qd7 15.g5 Nd5 16.Nh4 Bf5
17.Nxf5 exf5 18.O-O O-O-O 19.b4 f6 20.b5 Nb8 21.bxa6 Nxa6 22.Rb1 c6 23.Qb3 Nxf4
24.Nxf4 fxg5 25.Ng6 Rh6 26.Ne5 Qc7 27.Nf7 Rhd6 28.Rfe1 f4 29.Nxd8 Rxd8 30.Qe6+ Qd7
31.Qxd7+ Kxd7 32.Rxb7+ Nc7 33.Bf3 g6 34.Re5 g4 35.hxg4 h4 36.g5 Kc8 37.Rb6 Bd6
38.Bg4+  1-0

[Event "Open"]
[Site "Panevezys LTU"]
[Date "2008.08.18"]
[Round "9"]
[White "Janusaitis,M"]
[Black "Kasperavicius,J"]
[Result "0-1"]
[WhiteElo "1939"]
[BlackElo "1825"]

1.e4 d5 2.exd5 Qxd5 3.Nc3 Qd6 4.d4 Nf6 5.Nf3 a6 6.Bc4 Nc6 7.d5 Na5 8.Be2 e6
9.dxe6 Qxd1+ 10.Bxd1 Bxe6 11.O-O O-O-O 12.Bg5 h6 13.Bxf6 gxf6 14.Be2 Bg7
15.Rfd1 f5 16.Bd3 Nc4 17.Bxc4 Bxc4 18.Nd2 Be6 19.Nb3 b6 20.a4 a5 21.Nd2 Rd7
22.Nf1 Rhd8 23.Rxd7 Rxd7 24.Nd1 f4 25.f3 Bd4+ 26.Kh1 Bf5 27.Rc1 Re7 28.g3 Re1
29.Kg2 Re2+ 30.Kh1 Bh3 31.Nde3 fxe3 32.c3 Bxf1  0-1

[Event "Open A"]
[Site "Vladimir RUS"]
[Date "2008.08.18"]
[Round "6"]
[White "Kutepov,A"]
[Black "Potapov,Alexe"]
[Result "0-1"]
[WhiteElo "2114"]
[BlackElo "2329"]

1.e4 d5 2.exd5 Qxd5 3.Nc3 Qd6 4.d4 Nf6 5.Bd3 a6 6.Nge2 Bg4 7.f3 Bh5 8.Bf4 Qd8
9.Qd2 e6 10.O-O-O Be7 11.h4 Bg6 12.Bc4 Nbd7 13.g4 Nb6 14.Bb3 h5 15.g5 Nfd5
16.Nxd5 exd5 17.Be5 f6 18.gxf6 gxf6 19.Rhg1 Bf7 20.Bf4 Qd7 21.a4 Nxa4 22.Bh6 Nb6
23.Bg7 Rg8 24.Qh6 O-O-O 25.Bxf6 Qe6 26.Bg5 Qxe2 27.Rde1 Bxg5+ 28.hxg5 Qxf3
29.Rgf1 Qg3 30.Re7 Bg6  0-1

[Event "5th DA Tan Malaysian Open"]
[Site "Kuala Lumpur MAS"]
[Date "2008.08.19"]
[Round "4"]
[White "Legaspi,R"]
[Black "Sabri,M"]
[Result "1-0"]
[WhiteElo "2315"]
[BlackElo "2158"]

1.e4 d5 2.exd5 Qxd5 3.Nc3 Qd6 4.d4 Nf6 5.Bg5 Nbd7 6.Nf3 a6 7.Bd3 g6 8.Qd2 h6
9.Bf4 Qe6+ 10.Ne2 Nd5 11.Bg3 h5 12.O-O Bh6 13.Qd1 b5 14.Re1 Qc6 15.Be4 N7b6
16.Ne5 Qf6 17.Nd3 O-O 18.Be5 Qh4 19.Nc3 e6 20.Bg3 Qf6 21.Be5 Qd8 22.Qf3 Bb7
23.Qh3 f5 24.Nc5 Bc8 25.Bf3 Nc4 26.Nxd5 exd5 27.Qg3 Kh7 28.Bxc7 f4 29.Bxd8 fxg3
30.Bh4 gxf2+ 31.Bxf2 Bf5 32.Re7+ Bg7 33.Bxd5 Rae8 34.Rae1 Rxe7 35.Rxe7 Nxb2
36.c3 Nd1 37.Be1 b4 38.cxb4 Kh8 39.Nb3 Bc2 40.Bf3 Bxb3 41.axb3 Bxd4+ 42.Kf1 Ne3+
43.Ke2 Nf5 44.Re4 Rc8 45.g4 hxg4 46.Bxg4 Bc3 47.Bf2 Kg7 48.Kd3 Bf6 49.Bc5 Rd8+
50.Kc4 Kf7 51.b5 axb5+ 52.Kxb5 Nd4+ 53.Kc4 Nc6 54.Be6+ Kg7 55.b4 Re8 56.Kd5 Nd8
57.Bb6 Bc3 58.b5 Kf6 59.Bd7 Rxe4 60.Bxd8+ Re7 61.b6 Ba5 62.Kd6 Bb4+ 63.Kc6 Ke5
64.b7 Bd6 65.Bxe7 Bb8 66.Bh4  1-0

[Event "5th DA Tan Malaysian Open"]
[Site "Kuala Lumpur MAS"]
[Date "2008.08.19"]
[Round "4"]
[White "Au,L"]
[Black "Wahiduddin,Kh"]
[Result "1-0"]
[WhiteElo "2239"]
[BlackElo "1964"]

1.e4 d5 2.exd5 Qxd5 3.Nc3 Qd6 4.Bc4 a6 5.Nf3 Nf6 6.d4 Bg4 7.Be3 e6 8.h3 Bh5
9.g4 Bg6 10.Qe2 Nc6 11.O-O-O Nb4 12.Bb3 Nbd5 13.Nxd5 Nxd5 14.c4 Nf4 15.Bxf4 Qxf4+
16.Qe3 Qe4 17.Nd2 Qxe3 18.fxe3 Be7 19.Bc2 Bxc2 20.Kxc2 Rd8 21.Nf3 O-O 22.Rhe1 f5
23.g5 b6 24.h4 Bd6 25.a3 a5 26.Kc3 Rde8 27.Rf1 e5 28.d5 e4 29.Nd4 Be5 30.Rd2 f4
31.exf4 Bxf4 32.Re2 Bd2+ 33.Kxd2 Rxf1 34.Ne6 c6 35.Rxe4 cxd5 36.cxd5 Kf7
37.Kc3 Rc1+ 38.Kd4 Rd1+ 39.Ke5 Rd2 40.Rf4+ Kg6 41.Kd6 Rc8 42.Kd7 Rcc2 43.d6 Rd3
44.Rd4 Rxd4 45.Nxd4 Rd2 46.Ne6 Kf7 47.Nd8+ Kf8 48.Nc6 h6 49.Kc7 Ke8 50.Ne5 Rc2+
51.Kxb6 Rxb2+ 52.Kc5 Rd2 53.Kc6 Rc2+ 54.Kd5 hxg5 55.hxg5 Kd8 56.Ke6 Re2 57.Kf5 Rd2
58.Nf7+ Kd7 59.Kg6 Ra2 60.Kxg7 Rxa3 61.Ne5+ Kd8 62.d7 Rg3 63.Kf6 a4 64.Ke6 Re3
65.g6 Rxe5+ 66.Kxe5 Kxd7 67.g7 Kc6 68.g8=Q Kb5 69.Qa2 Kb4 70.Kd4 a3 71.Qc4+  1-0

[Event "83rd ch-FRA w"]
[Site "Pau FRA"]
[Date "2008.08.19"]
[Round "8"]
[White "Lallemand,R"]
[Black "Verot,M"]
[Result "1-0"]
[WhiteElo "2285"]
[BlackElo "2125"]

1.e4 d5 2.exd5 Qxd5 3.Nc3 Qd6 4.d4 Nf6 5.Nf3 Bg4 6.h3 Bh5 7.g4 Bg6 8.Ne5 Nbd7
9.Nxg6 hxg6 10.Bg2 O-O-O 11.Qf3 Qa6 12.g5 e5 13.gxf6 exd4 14.Ne2 Ne5 15.Qb3 d3
16.Bf4 Bd6 17.fxg7 Rhe8 18.g8=Q Rxg8 19.Bxe5 d2+ 20.Kxd2 Rge8 21.Bxb7+ Qxb7
22.Qxb7+ Kxb7 23.Bc3 Re6 24.Bd4 Bf4+ 25.Kd3 c5 26.c3 Bh6 27.Rae1 Bg7 28.Kc4 cxd4
29.Nxd4 Rf6 30.Re7+ Kb6 31.f3 Rc8+ 32.Kd3 Rd8 33.Ke3 a5 34.Re4 Rfd6 35.Rd1 a4
36.a3 Ka6 37.Re7 Rf6 38.Rg1 Rb8 39.Rg2 Bf8 40.Rc7 Kb6 41.Rc4 Ra8 42.Rg4 Ra5
43.Re4 Bc5 44.Rf4 Re6+ 45.Kd3 Re7 46.Rf6+ Kb7 47.Rf4 Kb6 48.b4 axb3 49.Nxb3 Rd7+
50.Kc2 Bd6  1-0

[Event "XIII Konik Morski Open A"]
[Site "Rewal POL"]
[Date "2008.08.20"]
[Round "1"]
[White "Butkiewicz,L"]
[Black "Pietrzak,T"]
[Result "1-0"]
[WhiteElo "2284"]
[BlackElo "2016"]

1.e4 d5 2.exd5 Qxd5 3.Nc3 Qd6 4.d4 Nf6 5.Nf3 c6 6.h3 Bf5 7.Bc4 Nbd7 8.Qe2 e6
9.Bg5 Be7 10.O-O-O Nb6 11.Bb3 Nfd5 12.Bxe7 Qxe7 13.Nxd5 cxd5 14.Ne5 O-O-O
15.g4 Bg6 16.h4 f6 17.Nxg6 hxg6 18.f4 Kb8 19.Rde1 Rde8 20.Qf2 Qd6 21.Re2 g5
22.fxg5 fxg5 23.Qh2 Kc7 24.h5 Rhf8 25.Qxd6+ Kxd6 26.Re5 Rf4 27.Rxg5 Re7 28.c3 Nd7
29.Bd1 Rf6 30.Bc2 Rf4 31.Bd1 Rf6 32.Ba4 Nb6 33.Bb5 a6 34.Bd3 Nd7 35.a4 Rf4
36.Rf1 Rxf1+ 37.Bxf1 e5 38.Rf5 exd4 39.cxd4 Nf6 40.h6 Nxg4 41.h7 Re8 42.Rf7 Nf6
43.Bd3 Nxh7 44.Bxh7 Rc8+ 45.Bc2 b5 46.Rxg7 bxa4 47.Rg6+  1-0

[Event "Open A"]
[Site "Vladimir RUS"]
[Date "2008.08.20"]
[Round "8"]
[White "Chulivska,V"]
[Black "Yarysh,G"]
[Result "1/2-1/2"]
[WhiteElo "2238"]
[BlackElo "2304"]

1.e4 d5 2.exd5 Qxd5 3.Nc3 Qd8 4.d4 c6 5.Bc4 Nf6 6.Nge2 g6 7.Bf4 Bg7 8.Qd2 h6
9.f3 Nbd7 10.O-O-O Nb6 11.Bb3 Nbd5 12.Nxd5 cxd5 13.Nc3 a6 14.g4 b5 15.h4 Bb7
16.Rde1 Qd7 17.a4 b4 18.Nd1 a5 19.Nf2 Ba6 20.Nd3 Bxd3 21.Qxd3 e6 22.Qd2 Kf8
23.Be5 h5 24.g5 Ne8 25.Qf4 Bxe5 26.Rxe5 Ng7 27.Qf6 Kg8 28.Rhe1 Rf8 29.c3 bxc3
30.bxc3 Qd8 31.Qf4 Qc7 32.Kd2 Kh7 33.Bc2 Rb8 34.Qe3  1/2-1/2

[Event "Independence Cup A"]
[Site "Kyiv UKR"]
[Date "2008.08.21"]
[Round "9"]
[White "Sivuk,V"]
[Black "Kernazhitsky,L"]
[Result "0-1"]
[WhiteElo "2324"]
[BlackElo "2349"]

1.e4 d5 2.exd5 Qxd5 3.Nc3 Qd6 4.d4 Nf6 5.Bg5 c6 6.Qd2 Bf5 7.O-O-O e6 8.Bxf6 gxf6
9.Bd3 Bxd3 10.Qxd3 Nd7 11.g3 O-O-O 12.f4 f5 13.Nf3 Be7 14.Rhe1 Bf6 15.Qe3 Nb6
16.Qe2 Qb4 17.a3 Qf8 18.Rd3 Qg7 19.Red1 h5 20.a4 Nd5 21.Na2 h4 22.Qf2 hxg3
23.hxg3 Kb8 24.a5 Ne7 25.Nb4 c5 26.dxc5 Bxb2+ 27.Kb1 Rxd3 28.cxd3 Bc3 29.Na2 Nd5
30.Rc1 Bxa5 31.Ne5 Bc7 32.Nd7+ Ka8 33.c6 b6 34.d4 Rh3 35.Rg1 Qh8 36.Qb2 Rh2
37.Qa3 a5 38.Nc3 Rh1 39.Rc1 Rxc1+ 40.Kxc1 Qh1+ 41.Kd2 Nb4 42.Qa4 Qg2+ 43.Ne2 Qxc6
44.Qxc6+ Nxc6 45.Kd3 Kb7 46.Nc3 Nb4+ 47.Kc4 Kc6 48.Nf6 Bd8 49.Ng8 Nd5 50.Nxd5 b5+
51.Kd3 Kxd5 52.Nh6 Bf6 53.Nxf7 Bxd4 54.Nh6 a4 55.g4 fxg4 56.Nxg4 a3  0-1

[Event "23rd Open"]
[Site "Schwarzach AUT"]
[Date "2008.08.21"]
[Round "6"]
[White "Popa,Cl"]
[Black "Stephan,Ax"]
[Result "1-0"]
[WhiteElo "2172"]
[BlackElo "2268"]

1.e4 d5 2.exd5 Qxd5 3.Nc3 Qd6 4.d4 Nf6 5.Nf3 a6 6.h3 Nbd7 7.Be3 e6 8.Qd2 c5
9.dxc5 Qxd2+ 10.Nxd2 Bxc5 11.Bxc5 Nxc5 12.Be2 b5 13.Bf3 Bb7 14.Bxb7 Nxb7
15.Nde4 Rc8 16.Nxf6+ gxf6 17.O-O-O Rg8 18.g3 Rc4 19.Rhe1 Kf8 20.Re4 Rc7 21.a4 Nc5
22.Rd8+  1-0

[Event "Open A"]
[Site "Vladimir RUS"]
[Date "2008.08.21"]
[Round "9"]
[White "Danin,A"]
[Black "Ivanov,Ol UKR"]
[Result "1-0"]
[WhiteElo "2469"]
[BlackElo "2467"]

1.e4 d5 2.exd5 Qxd5 3.Nc3 Qd6 4.d4 Nf6 5.Nf3 c6 6.g3 Bg4 7.Bg2 e6 8.O-O Be7
9.Bf4 Qd8 10.h3 Bxf3 11.Qxf3 O-O 12.Rad1 Bd6 13.Bc1 Nbd7 14.Rfe1 Qc7 15.Ne4 Nxe4
16.Qxe4 Nf6 17.Qf3 Rad8 18.a3 Rd7 19.c4 a5 20.b3 Rfd8 21.Bb2 Be7 22.Qe2 h6
23.Rd3 Qb6 24.Red1 Qa6 25.a4 Qb6 26.Kh2 Qc7 27.Bc3 Bb4 28.Bb2 Be7 29.Kh1 Kh8
30.f4 Kg8 31.Qf3 g6 32.g4 Nh7 33.f5 Bf6 34.fxg6 fxg6 35.Qe4 Kg7 36.Bc1 Ng5
37.Qe3 Nf7 38.Qf2 e5 39.Rf1 Bg5 40.Bb2 Bf4 41.dxe5 Bxe5 42.Rf3 Ng5 43.Re3 Bxb2
44.Qxb2+ Kh7 45.h4 Nf7  1-0

[Event "Jessie Gilbert Celebration Int"]
[Site "Coulsdon ENG"]
[Date "2008.08.22"]
[Round "7"]
[White "Tippleston,C"]
[Black "Calvert,D"]
[Result "1-0"]
[WhiteElo "2192"]
[BlackElo "2054"]

1.e4 d5 2.exd5 Qxd5 3.Nc3 Qd6 4.Nf3 Nf6 5.Be2 a6 6.O-O Nc6 7.h3 Bf5 8.Nh4 Bd7
9.d3 Nd4 10.Nf3 Bc6 11.Nxd4 Qxd4 12.Bf3 Qd7 13.Bg5 O-O-O 14.Qe2 h6 15.Bxc6 Qxc6
16.Bd2 e6 17.Rab1 Bb4 18.a3 Bxc3 19.bxc3 g5 20.Qe5 Nh5 21.Rb4 f6 22.Qe2 Ng7
23.Rfb1 Rhe8 24.Rxb7 Qxb7 25.Rxb7 Kxb7 26.Qf3+ Kc8 27.Qxf6 Nf5 28.Be3 Nxe3
29.fxe3 Rh8 30.Qxe6+ Kb7 31.Qb3+ Kc8 32.e4 Rd6 33.e5 Rb6 34.Qd5 Re8 35.d4 Rbe6
36.Qa5 Kb7 37.c4 Rb6 38.Qd5+ Kc8 39.Qf7 Rbe6 40.c5 R8e7 41.Qf1 Kd7 42.Qf3 Ke8
43.c6 Rf7 44.Qd5 Rg6 45.Qe4 Rg8 46.e6 Rfg7 47.g4 Ke7 48.Qe5 Rg6 49.Qxc7+ Kxe6
50.Qb7 Kf6 51.c7  1-0

[Event "Jessie Gilbert Celebration Int"]
[Site "Coulsdon ENG"]
[Date "2008.08.22"]
[Round "7"]
[White "Josse,Mar"]
[Black "Paulmichl,M"]
[Result "1-0"]
[WhiteElo "2006"]
[BlackElo "2099"]

1.e4 d5 2.exd5 Qxd5 3.Nc3 Qd8 4.d4 Nf6 5.Bc4 c6 6.Nf3 Bf5 7.O-O e6 8.h3 Be7
9.a3 O-O 10.Re1 Nbd7 11.Nh4 Bg6 12.Nxg6 hxg6 13.Ne4 Nxe4 14.Rxe4 Nf6 15.Re1 Qc7
16.c3 c5 17.dxc5 Bxc5 18.Bf1 Rfd8 19.Qf3 Rd5 20.Bf4 Qb6 21.b4 Bxf2+ 22.Qxf2 Qxf2+
23.Kxf2 Rf5 24.g3 g5 25.Bd3 Rd5 26.Bc4 gxf4 27.Bxd5 Nxd5 28.c4 Ne3 29.Rac1 g5
30.gxf4 gxf4 31.Rg1+ Kh7 32.Kf3 e5 33.c5 Nf5 34.a4 Nd4+ 35.Kf2 a6 36.Rg4 f5
37.Rg5 e4 38.Rcg1 Kh6 39.Rg6+ Kh7 40.Rg7+ Kh8 41.R7g5 e3+ 42.Kf1 e2+ 43.Kf2  1-0

[Event "5th DA Tan Malaysian Open"]
[Site "Kuala Lumpur MAS"]
[Date "2008.08.22"]
[Round "8"]
[White "Kadek,I"]
[Black "Pereira,Joh"]
[Result "1-0"]
[WhiteElo "1838"]
[BlackElo "1942"]

1.e4 d5 2.exd5 Qxd5 3.Nc3 Qd6 4.d4 Nf6 5.Nf3 g6 6.Ne5 Bg7 7.Bc4 O-O 8.Be3 a6
9.Qf3 c6 10.O-O-O Nbd7 11.Nxd7 Bxd7 12.h3 a5 13.Rhe1 Be6 14.Bf4 Qd7 15.Bxe6 fxe6
16.Qe2 Nd5 17.Bg3 Nf4 18.Qe4 Bh6 19.Kb1 a4 20.a3 Ra5 21.Na2 Rb5 22.Nb4 Qd6
23.c4 Rbf5 24.Nd3 g5 25.Nc5 b5 26.cxb5 cxb5 27.Nxe6 Rc8 28.Qxf5  1-0

[Event "XIII Konik Morski Open A"]
[Site "Rewal POL"]
[Date "2008.08.22"]
[Round "3"]
[White "Spicak,K"]
[Black "Malczyk,Rad"]
[Result "0-1"]
[WhiteElo "2011"]
[BlackElo "2094"]

1.e4 d5 2.exd5 Qxd5 3.Nc3 Qd6 4.d4 Nf6 5.Be2 a6 6.Nf3 e6 7.O-O Be7 8.Bg5 Nbd7
9.g3 b5 10.Qd3 Bb7 11.Nd2 c5 12.dxc5 Qxd3 13.Bxd3 Nxc5 14.Be2 b4 15.Nd1 h6
16.Be3 O-O 17.f3 Nd5 18.Bf2 Na4 19.Nb3 Ndb6 20.Na5 Rfb8 21.b3 Nc5 22.Nxb7 Rxb7
23.c4 a5 24.Nb2 a4 25.Nd3 Nbd7 26.Rab1 axb3 27.axb3 Ra2 28.Nc1 Ra3 29.Bd4 Bf6
30.Rd1 Bxd4+ 31.Rxd4 Kf8 32.Kf2 Ke7 33.Ke3 Nb6 34.Rg4 g5 35.h4 f5 36.Rd4 Nba4
37.hxg5 hxg5 38.Kd2 Nc3 39.Rb2 e5 40.Rd5 Nxd5 41.cxd5 e4 42.f4 gxf4 43.gxf4 Kd6
44.Bc4 Rg7 45.Ke3 Rg3+ 46.Kd4 Ra1 47.Rh2 Ne6+ 48.dxe6 Rxc1 49.Rd2 e3 50.Re2 Rd1+
51.Bd3 Kxe6 52.Rxe3+ Rxe3 53.Kxe3 Rc1 54.Kd4 Rc3 55.Bc4+ Kf6 56.Kc5 Rf3 57.Kxb4 Rxf4
58.Kc5 Ke7 59.b4 Kd7 60.b5 Kc7 61.b6+ Kb8 62.Bd5 Rf1 63.Kd4 Re1 64.Bf3 Re6
65.b7 Kc7 66.Bd5 Re8 67.Bf3 Kd6 68.Bg2 f4 69.Bf3 Kc7 70.Be4 Re7 71.Bf3 Re3
72.Bh1 Re1 73.Bf3 Re7 74.Be4 Rd7+ 75.Ke5 Rf7 76.Bf3 Kb8 77.Ke6 Rxb7 78.Ke5 Rf7
79.Ke6 Rf8 80.Ke5 Kc7  0-1

[Event "Jessie Gilbert Celebration Int"]
[Site "Coulsdon ENG"]
[Date "2008.08.23"]
[Round "8"]
[White "Kennedy,C"]
[Black "Paulmichl,M"]
[Result "1/2-1/2"]
[WhiteElo "2037"]
[BlackElo "2099"]

1.e4 d5 2.exd5 Qxd5 3.Nc3 Qd8 4.d4 Nf6 5.Nf3 c6 6.Bc4 Bf5 7.Ne5 e6 8.O-O Nbd7
9.Qe2 Be7 10.Re1 O-O 11.Bb3 Nxe5 12.dxe5 Nd5 13.Ne4 Qc7 14.Ng3 Bg6 15.Qg4 Qb6
16.h4 Qb4 17.Re4 Bxe4 18.Nxe4 h5 19.Qe2 Qd4 20.c4 Nb4 21.Bg5 Bxg5 22.hxg5 Qd3
23.Qe1 Nc2 24.Bxc2 Qxc2 25.Rc1 Qxb2 26.Nf6+ gxf6 27.gxf6 Rfd8 28.Qe3 Kf8
29.Qg5 Qd2 30.Qg7+ Ke8 31.Rb1 Rab8 32.Qg8+ Kd7 33.Qxf7+ Kc8 34.Qxh5 Qc2 35.Re1 Qf5
36.Qxf5 exf5 37.e6 Kc7 38.e7 Rh8 39.f7 Kd7 40.e8=Q+  1/2-1/2

[Event "44th Rubinstein Mem Open A"]
[Site "Polanica Zdroj POL"]
[Date "2008.08.23"]
[Round "5"]
[White "Brynski,D"]
[Black "Golek,J"]
[Result "1/2-1/2"]
[WhiteElo "2064"]
[BlackElo "2023"]

1.e4 d5 2.exd5 Qxd5 3.Nc3 Qd6 4.d4 Nf6 5.Nf3 a6 6.Bg5 Bf5 7.Bd3 Bg6 8.Bxg6 hxg6
9.Qe2 c6 10.O-O-O Nbd7 11.Ne5 e6 12.g3 Be7 13.Nc4 Qc7  1/2-1/2

[Event "ch-SLO w"]
[Site "Ljubljana SLO"]
[Date "2008.08.24"]
[Round "9"]
[White "Krivec,J"]
[Black "Novak,Ks"]
[Result "1-0"]
[WhiteElo "2337"]
[BlackElo "2176"]

1.e4 d5 2.exd5 Qxd5 3.Nc3 Qd6 4.d4 Nf6 5.Nf3 c6 6.Ne5 Nbd7 7.f4 Nd5 8.Ne4 Qc7
9.c4 Nxe5 10.fxe5 Nb6 11.Bd3 Be6 12.Qe2 g6 13.Nc5 O-O-O 14.Be3 Nd7 15.Nxe6 fxe6
16.b4 Bg7 17.O-O Nxe5 18.dxe5 Bxe5 19.Rad1 Bxh2+ 20.Kh1 Bg3 21.Bxa7 b6 22.Qe3 Qxa7
23.Qxg3 Rhf8 24.Rxf8 Rxf8 25.Qh3  1-0

[Event "XLII Open"]
[Site "Mislata ESP"]
[Date "2008.08.25"]
[Round "1"]
[White "Castella Garcia,F"]
[Black "Gimenez Ruiz,J"]
[Result "1-0"]
[WhiteElo "2337"]
[BlackElo "1844"]

1.e4 d5 2.exd5 Qxd5 3.Nc3 Qd8 4.d4 Nf6 5.Bg5 Nd5 6.Nf3 Nxc3 7.bxc3 Bg4 8.Rb1 Qd5
9.Be2 b6 10.O-O e6 11.Rb5 Qd6 12.h3 Bh5 13.Qd2 c5 14.Ne5 Bxe2 15.Qxe2 Nc6
16.Qf3 f6 17.Bxf6 Rc8 18.Bxg7 Nxe5 19.dxe5 Qd7 20.Qh5+ Qf7 21.Qxf7+ Kxf7
22.Bxh8  1-0

[Event "TCh-MNE Premier"]
[Site "Herceg Novi MNE"]
[Date "2008.08.26"]
[Round "2"]
[White "Benderac,S"]
[Black "Savic,Miod1"]
[Result "1/2-1/2"]
[WhiteElo "2326"]
[BlackElo "2519"]

1.e4 d5 2.exd5 Qxd5 3.Nc3 Qd6 4.d4 Nf6 5.Nge2 e6 6.Bf4 Qd8 7.Qd2 a6 8.Bg5 b5
9.Ng3 Bb7 10.Bd3 Nbd7 11.d5 Nc5 12.dxe6 fxe6 13.Qe2 Nxd3+ 14.cxd3 Qd7 15.O-O O-O-O
16.Rfd1 h6 17.Be3 Nd5 18.Nxd5 exd5 19.d4 Bd6 20.Qd2 Rde8 21.Bf4 Bxf4 22.Qxf4 Rhf8
23.Qd2 Re6 24.Re1 Rfe8  1/2-1/2

[Event "XLII Open"]
[Site "Mislata ESP"]
[Date "2008.08.26"]
[Round "2"]
[White "Berrocal,J"]
[Black "Tormos Beltran,X"]
[Result "1-0"]
[WhiteElo "2320"]
[BlackElo "1999"]

1.e4 d5 2.exd5 Qxd5 3.Nc3 Qd6 4.d4 Nf6 5.Nf3 c6 6.h3 Bf5 7.g4 Bg6 8.Ne5 Nbd7
9.Nc4 Qc7 10.Qf3 e6 11.Bf4 Qd8 12.O-O-O Nd5 13.Nd6+ Bxd6 14.Bxd6 N7f6 15.Ba3 Qa5
16.Nxd5 cxd5 17.Qb3 Qc7 18.Bb5+ Nd7 19.Kb1 O-O-O 20.Be7 Rde8 21.Bh4 a6 22.Bg3 Bxc2+
23.Qxc2 Qxc2+ 24.Kxc2 axb5 25.Kc3 b6 26.Kb4 Kb7 27.Rc1 Rc8 28.Kxb5 Nf6 29.f3 Rhd8
30.b3 Ne8 31.a4 Nd6+ 32.Bxd6 Rxd6 33.Rxc8 Kxc8 34.f4 h6 35.h4 Kb7 36.Rc1 f6
37.h5 e5 38.fxe5 fxe5 39.dxe5 Re6 40.Rf1 Kc8 41.Rf7 g6 42.Rf6 Rxe5 43.Rxg6 Re4
44.Rg7 Re6 45.g5  1-0

[Event "XLII Open"]
[Site "Mislata ESP"]
[Date "2008.08.26"]
[Round "2"]
[White "Barry Bertomeu,E"]
[Black "Mellado Trivino,J"]
[Result "0-1"]
[WhiteElo "2032"]
[BlackElo "2413"]

1.e4 d5 2.exd5 Qxd5 3.Nc3 Qd6 4.d4 Nf6 5.Be2 Nc6 6.Nf3 Bg4 7.Be3 e6 8.O-O Be7
9.Nb5 Qd8 10.c4 O-O 11.Rc1 a6 12.Nc3 Qd6 13.Qd2 Rfd8 14.Rfd1 Qb4 15.h3 Bxf3
16.Bxf3 Qxc4 17.Nd5 Qxa2 18.Rxc6 exd5 19.Bxd5 Qxd5  0-1

[Event "16th Nikea Open"]
[Site "Athens GRE"]
[Date "2008.08.27"]
[Round "3"]
[White "Kokolias,K"]
[Black "Hrisafis,A"]
[Result "1-0"]
[WhiteElo "2197"]
[BlackElo "1928"]

1.e4 d5 2.exd5 Qxd5 3.Nc3 Qd6 4.d4 Nf6 5.g3 a6 6.Bg2 Nc6 7.Bf4 e5 8.dxe5 Nxe5
9.Qe2 Nd7 10.Rd1 Qe6 11.Bh3 f5 12.Rxd7 Bxd7 13.Qxe5 Qxe5+ 14.Bxe5 Bc6 15.f3 Kf7
16.Bxc7 g6 17.Bb6 Bg7 18.Kf2 Rhe8 19.Bf1 Bf6 20.Bc4+ Kg7 21.Nge2 Rac8 22.b3 Bb5
23.Nxb5 axb5 24.Bxb5 Re6  1-0

[Event "16th Nikea Open"]
[Site "Athens GRE"]
[Date "2008.08.27"]
[Round "3"]
[White "Managadze,N"]
[Black "Pappelis,D"]
[Result "1-0"]
[WhiteElo "2444"]
[BlackElo "1889"]

1.e4 d5 2.exd5 Qxd5 3.Nc3 Qd6 4.d4 Nf6 5.Nf3 a6 6.g3 Bg4 7.Bg2 Nc6 8.Ne2 Bxf3
9.Bxf3 e5 10.O-O O-O-O 11.c3 exd4 12.cxd4 Nxd4 13.Nxd4 Qxd4 14.Qb3 Qb4 15.Qxf7 Qe7
16.Qb3 Qb4 17.Qe6+ Kb8 18.a3 Qd6 19.Qa2 Qb6 20.b4 Bd6 21.Be3 Qb5 22.Qc2 h5
23.a4 Qd7 24.b5 a5 25.b6 c6 26.Rad1 Qc8 27.Rxd6 Rxd6 28.Bf4 Qe6 29.Qc5 Rd8
30.Qxa5  1-0

[Event "XIII Konik Morski Open A"]
[Site "Rewal POL"]
[Date "2008.08.27"]
[Round "7"]
[White "Korosciel,A"]
[Black "Nguyen,P"]
[Result "0-1"]
[WhiteElo "2067"]
[BlackElo "2329"]

1.e4 d5 2.exd5 Qxd5 3.Nc3 Qd6 4.d4 Nf6 5.Nf3 a6 6.g3 Bg4 7.Bg2 Nc6 8.Bf4 Qb4
9.O-O O-O-O 10.a3 Qc4 11.h3 Rxd4 12.Qe1 Bxf3 13.Bxf3 Rd7 14.b3 Nd4 15.Bxb7+ Kxb7
16.bxc4 Nf3+ 17.Kg2 Nxe1+ 18.Rfxe1 e6 19.Be3 Kc6 20.Na2 a5 21.Nc1 Bc5 22.Bxc5 Kxc5
23.Re5+ Kxc4 24.Rxa5 Rd2 25.Ra2 Ne4 26.Nd3 Kc3 27.Ra4 f5 28.Ra6 c5 29.Rxe6 Rc8
30.Ne1 Rxf2+ 31.Kg1 Re2 32.Nf3 Rd8 33.Ra1 Rxc2 34.a4 Kb2 35.Re1 Rd3 36.Rb6+ Kc3
37.Reb1 c4  0-1